000
00195nam a22000857a 4500
008
170111b xxu||||| |||| 00| 0 eng d
100
_9
2325
_a
Paco
245
_a
Paco on the Farm
260
_a
Canada
_c
1995
999
_c
5258
_d
5258